Paroles Je veux chanter - Christophe Michel - Statistiques

Statistiques générales
  • Ce quiz a été pris 8 fois
  • Le résultat moyen est 155 sur 329
Statistiques - réponses
Réponse % Correct
chanté
100%
je
100%
veux
100%
chanter
83%
ce
67%
de
67%
pour
67%
qui
67%
à
50%
ai
50%
artiste
50%
assez
50%
c’est
50%
dans
50%
des
50%
d’être
50%
du
50%
d’un
50%
en
50%
et
50%
J’ai
50%
j’ai
50%
j’en
50%
la
50%
le
50%
les
50%
l’ombre
50%
m’a
50%
ma
50%
mais
50%
ne
50%
50%
province
50%
qu’un
50%
soir
50%
star
50%
suis
50%
un
50%
une
50%
aux
33%
avec
33%
bals
33%
bruit
33%
camp
33%
comme
33%
coulisses
33%
couverts
33%
disques
33%
dit
33%
doublure
33%
espoir
33%
est
33%
fois
33%
fout
33%
génie
33%
goutte
33%
grand
33%
grincent
33%
j’avais
33%
m’écoute
33%
moi
33%
on
33%
personne
33%
que
33%
samedi
33%
soit
33%
sur
33%
talent
33%
tasses
33%
terrasses
33%
tout
33%
trapéziste
33%
voir
33%
applaudisse
17%
artistes
17%
dont
17%
fait
17%
il
17%
j’existe
17%
juste
17%
mon
17%
n’avait
17%
nom
17%
pas
17%
peux
17%
plus
17%
quelques
17%
qu’on
17%
Regardez-moi
17%
regardez-moi
17%
rêvé
17%
talents
17%
temps
17%
vie
17%
voit
17%
voix
17%
aider
0%
ambitions
0%
chapiteaux
0%
compter
0%
d’autres
0%
derrière
0%
devant
0%
écoutez-moi
0%
être
0%
folles
0%
géants
0%
idole
0%
magazines
0%
miser
0%
murs
0%
passer
0%
photo
0%
pont
0%
présent
0%
s’appelle
0%
soirées
0%
sonos
0%
tant
0%
tellement
0%
villes
0%
vos
0%
Aucun quiz correspondant
Distribution des résultats
% des personnes avec chaque résultat
Percentile par nombre de réponses
Votre historique - résultats
Vous n’avez pas pris ce quiz